000 01497ngm a22003850a 4500
001 PT43895
003 AR-LpoUNG
005 20210201235944.0
007 vd cvaizq
008 191001s[201||||ag |||||||||||||||||spa d
040 _aAR-LpoUNG
_bspa
_cAR-LpoUNG
_eaacr
041 _aspa
044 _aag
082 0 _a302.1 617v11
100 1 _aBirri, Fernando
_edir.
245 1 3 _aUn señor muy viejo con unas alas enormes
260 _aRosario :
_bISCAA - ATE,
_c[2011].
300 _aDVD (96 min.) : son., col.
505 0 _aHecha en 1988. Cuba-Argentina-Italia.- Guión: Fernando Birri. - Fotografía: Raúl Pérez Ureta. - Música: Pablo Milanés. - Elenco: Adolfo Llauradó, Asdrúbal Meléndez, Daisy Granados, Fernando Birri, Marcia Barreto, Silvia Planas
520 _aAdaptación de un relato de Gabriel García Márquez que combina la fantasía desbocada con la alegoría, la ironía con el testimonio social. Toda la riqueza de este abigarrado y nada fácil material se transmite sólo parcialmente en unos resultados dignos pero algo apagados. En todo caso, constituye una correcta ilustración del texto. Film inédito en España.
650 4 _aARGENTINA
650 4 _aARTE
650 4 _aCULTURA
650 4 _aITALIA
650 4 _aPOBREZA
650 4 _aPROBLEMAS SOCIALES
651 4 _aArgentina
653 _aCINE ARGENTINO
653 _aCORTOMETRAJE
653 _aDOCUMENTALES
653 _aDVD
653 _aVIDEOS
905 _a43895
942 _cDVD
999 _c53842
_d53842